| 000 | 00722nam a2200193Ia 4500 | ||
|---|---|---|---|
| 003 | Ost | ||
| 005 | 20260507075120.0 | ||
| 008 | 260507s9999||||xx |||||||||||||| ||und|| | ||
| 040 | _cfsecg | ||
| 041 | _aara | ||
| 082 | _a330 | ||
| 100 |
_aدراز، حامد عبد الحميد _eمؤلف |
||
| 245 | 0 |
_aالنظم الضريبية / _c حامد عبد الحميد دراز |
|
| 260 |
_aالإسكندرية: _bالدار الجامعية, _c2003 |
||
| 300 |
_a333 صفحة؛ _bإيضاحات ؛ _c24 سم |
||
| 520 | _aمدخل لدراسة النظم الضريبية- أسس النظم الضريبية- الإدارة الضريبية- حالات تطبيقية | ||
| 653 | _aالضريبة | ||
| 942 | _cكتاب | ||
| 999 |
_c43063 _d43063 |
||